Scottish arbitration centre (Record no. 120900)

MARC details
000 -LEADER
fixed length control field 01129cai a22002295a 4500
001 - CONTROL NUMBER
control field E152658
008 - FIXED-LENGTH DATA ELEMENTS--GENERAL INFORMATION
fixed length control field 110411u xxk g 000 0 eng d
035 ## - SYSTEM CONTROL NUMBER
System control number (Sirsi) u152658
041 0# - LANGUAGE CODE
Language code of text/sound track or separate title eng
110 2# - MAIN ENTRY--CORPORATE NAME
Corporate name or jurisdiction name as entry element Scotland
Subordinate unit Scottish Government
9 (RLIN) 5344
245 00 - TITLE STATEMENT
Title Scottish arbitration centre
Medium [electronic resource]
520 ## - SUMMARY, ETC.
Summary, etc. The Scottish Arbitration Centre is a joint initiative of the Scottish Government and various professional bodies, including RICS. It is intended to encourage the use of arbitration in Scotland, and to put Scotland forward as a place to conduct international arbitration.
590 ## - LOCAL NOTE (RLIN)
Local note KA
651 #4 - SUBJECT ADDED ENTRY--GEOGRAPHIC NAME
Geographic name Scotland
Chronological subdivision 1999-
690 ## - LOCAL SUBJECT ADDED ENTRY--TOPICAL TERM (OCLC, RLIN)
Topical term or geographic name as entry element MANAGEMENT-DISPUTE AVOIDANCE, MANAGEMENT AND RESOLUTION-DISPUTE MANAGEMENT AND RESOLUTION-ARBITRATION
710 2# - ADDED ENTRY--CORPORATE NAME
Corporate name or jurisdiction name as entry element Royal Institution of Chartered Surveyors
Subordinate unit Scotland
9 (RLIN) 3082
710 2# - ADDED ENTRY--CORPORATE NAME
Corporate name or jurisdiction name as entry element Law Society of Scotland
9 (RLIN) 1695
710 2# - ADDED ENTRY--CORPORATE NAME
Corporate name or jurisdiction name as entry element Chartered Institute of Arbitrators
9 (RLIN) 1994
710 2# - ADDED ENTRY--CORPORATE NAME
Corporate name or jurisdiction name as entry element Faculty of Advocates
9 (RLIN) 373
856 40 - ELECTRONIC LOCATION AND ACCESS
Uniform Resource Identifier <a href="https://www.scottisharbitrationcentre.org/index.html">https://www.scottisharbitrationcentre.org/index.html</a>
Public note View the website free of charge at www.scottisharbitrationcentre.org
942 ## - ADDED ENTRY ELEMENTS (KOHA)
Suppress in OPAC 0
Holdings
Withdrawn status Lost status Source of classification or shelving scheme Damaged status Not for loan Home library Current library Shelving location Date acquired Total Checkouts Full call number Barcode Date last seen Copy number Price effective from Koha item type
    Dewey Decimal Classification     Virtual Virtual Online 11/04/2011   WEBSITE 152658-2001 06/08/2019 1 06/08/2019 Online material